E.R. - Name the episode #11 - Statistics

General Stats
  • This quiz has been taken 2 times
  • The average score is 10 of 21
Answer Stats
Hint Answer % Correct
Found Carter and Lucy in a pool of blood All in the Family
100%
Fired Malucci Blood, Sugar, Sex, Magic
100%
Became ER chief Leave it to Weaver
100%
Became a mother NICU
100%
Met Sandy during a rain storm Partly Cloudy, Chance of Rain
100%
Came out to Romano Rampage
100%
Maybe wrote an erotic novel Random Acts
100%
Was hired at County Welcome Back, Carter
100%
Left county for Florida A House Divided
50%
Found Abby and Luka in a pool of blood Bloodline
50%
Got Carter as a roomate Stuck on You
50%
Learned about Jeannie's HIV Don't Ask, Don't Tell
0%
Said goodbye to Dr Lawrence, her mentor Humpty Dumpty
0%
Met her biological mother Just As I Am
0%
Said goodbye to her crutch No Place to Hide
0%
Got her son's custody back One for the Road
0%
Almost found her biological mother Point of Origin
0%
Was made ER interim chief Something New
0%
Became chief of staff The Advocate
0%
Kissed a woman for the first time The Greatest of Gifts
0%
Lost Sandy When There's Smoke
0%
No matching quizzes found
Score Distribution
Percent of People with Each Score
Percentile by Number Answered
Your Score History
You have not taken this quiz